[Event "SRB-chT3 Liga Ost CS"]
[Site "Serbia"]
[Date "2011.10.02"]
[Round "4"]
[White "Novakovic, Sasa"]
[Black "Milutinovic, Stefana"]
[Result "0-1"]
[WhiteElo "2104"]
[BlackElo "1812"]
[PlyCount "104"]
[EventDate "2011.09.11"]
[EventType "team"]
[EventRounds "11"]
[EventCountry "SRB"]
[SourceTitle "EXT 2015"]
[Source "ChessBase"]
[SourceDate "2014.11.20"]
[SourceVersion "1"]
[SourceVersionDate "2014.11.20"]
[SourceQuality "1"]

1. d4 Nf6 2. c4 e6 3. Nc3 c5 4. d5 exd5 5. cxd5 Bd6 6. g3 0-0 7. Bg2 Re8 8. Nf3 a6 9. 0-0 b5 10. Nd2 Bb7 11. e4 Bf8 12. f4 d6 13. h3 Nbd7 14. b3 c4 15. b4 a5 16. Ba3 Qb6+ 17. Kh2 axb4 18. Bxb4 Nc5 19. Qc2 Nfd7 20. Bxc5 Qxc5 21. Rab1 b4 22. Nd1 c3 23. Nb3 Qa7 24. Nc1 Ba6 25. Re1 Rab8 26. a3 bxa3 27. Rxb8 Rxb8 28. Nxc3 Rb2 29. Qa4 Qf2 30. Rg1 Qc5 31. N1a2 Nb8 32. Qe8 Bc4 33. Na4 Bb5 34. Qxb8 Bxa4 35. Qa8 Bb3 36. Nc1 Bc4 37. Qc6 a2 38. Nxa2 Bxa2 39. Rc1 Qf2 40. Rg1 Rb3 41. e5 Qxg3+ 42. Kh1 Qxf4 43. e6 Qe5 44. Qe8 Rxh3+ 45. Bxh3 Bxd5+ 46. Rg2 Bxg2+ 47. Kxg2 Qg5+ 48. Kh2 Qf4+ 49. Kg2 fxe6 50. Bxe6+ Kh8 51. Bf7 Qg5+ 52. Kh2 Qe5+ 0-1

[Event "SRB-chT3 East"]
[Site "Serbia"]
[Date "2010.09.26"]
[Round "3.3"]
[White "Novakovic, Sasa"]
[Black "Stevanovic, Ljubinko"]
[Result "1/2-1/2"]
[WhiteElo "2084"]
[BlackElo "2089"]
[PlyCount "50"]
[EventDate "2010.09.12"]
[EventType "team"]
[EventRounds "11"]
[EventCountry "SRB"]
[SourceTitle "EXT 2012"]
[Source "ChessBase"]
[SourceDate "2011.11.24"]
[SourceVersion "1"]
[SourceVersionDate "2011.11.24"]
[SourceQuality "1"]

1. d4 Nf6 2. c4 c5 3. d5 b5 4. cxb5 a6 5. bxa6 Bxa6 6. Nc3 d6 7. e4 Bxf1 8. Kxf1 g6 9. g3 Bg7 10. Nf3 Nbd7 11. Kg2 0-0 12. Re1 Ra6 13. Qc2 Qa8 14. Kg1 Ng4 15. Bf4 Nge5 16. Nxe5 Nxe5 17. Bxe5 Bxe5 18. Re2 Rb6 19. Rc1 h5 20. b3 Qc8 21. Kg2 h4 22. Qd3 Qg4 23. h3 Qg5 24. Qe3 Qf6 25. Qf3 Qg7 1/2-1/2